000 00863nam a2200217 i 4500
001 78710
003 ES-MaACL
005 20250904063052.0
007 t|
008 041015s1903 fr ||||1| fre d
100 1 _aHedin, Sven Anders,
_d1865-1952
_962301
245 1 2 _aL'Asie inconnue /
_cSven Hedin ; traduit du swedois par Charles Rabot contenant des cartes et des photographies.
260 _aParis :
_bFélix Juven,
_c[1903]
300 _a2 v. :
_bil. ;
_c27 cm.
500 _aEn port.: Ouvrage contenant 4 cartes et de nombreuses illustrations d'après les photographies prises par l'auteur.
505 8 _aContiene: [1ere partie]: Dans les sables de l'Asie. -- [2eme part.]: Vers la ville interdite
651 4 _aChina-
_xDescripción.
_98049
700 1 _aRabot, Charles.
_994871
852 _aES-MaACL
_jC-102-103
999 _c78710
_d78710